Scotland's wild deer (Record no. 108957)
[ view plain ]
| 000 -LEADER | |
|---|---|
| fixed length control field | 01981cad a22002535a 4500 |
| 001 - CONTROL NUMBER | |
| control field | E145890 |
| 008 - FIXED-LENGTH DATA ELEMENTS--GENERAL INFORMATION | |
| fixed length control field | 081120s2008 xxk f 000 0 eng d |
| 035 ## - SYSTEM CONTROL NUMBER | |
| System control number | (Sirsi) u145890 |
| 041 0# - LANGUAGE CODE | |
| Language code of text/sound track or separate title | eng |
| 050 04 - LIBRARY OF CONGRESS CALL NUMBER | |
| Classification number | 634.966 $2 18 |
| 110 2# - MAIN ENTRY--CORPORATE NAME | |
| Corporate name or jurisdiction name as entry element | Deer Commission for Scotland |
| 9 (RLIN) | 3964 |
| 245 00 - TITLE STATEMENT | |
| Title | Scotland's wild deer |
| Remainder of title | a national approach |
| Medium | [electronic resource] |
| 260 ## - PUBLICATION, DISTRIBUTION, ETC. | |
| Place of publication, distribution, etc. | [Scotland] |
| Name of publisher, distributor, etc. | Deer Commission for Scotland |
| Date of publication, distribution, etc. | 2008 |
| 505 2# - FORMATTED CONTENTS NOTE | |
| Formatted contents note | Introduction: a strategy for wild deer; Scotland's wild deer species; developing the strategy -- Vision -- Key Issues to Address -- Ways of working: guiding principles -- Achieving the vision: objectives: contributing to a high quality, robust and adaptable environment; contributing to sustainable economic development; contributing to social well-being -- Key actions: contributing to a high quality, robust and adaptable environment; contributing to sustainable economic development; contributing to social well-being; cross-cutting actions contributing to all objectives -- Implementation: implementation plans; key tools for implementation -- Monitoring, reporting and reviewing: monitoring; indicators; review; annual Reporting -- Glossary -- Annex: wild deer in Scotland; managing wild deer |
| 520 ## - SUMMARY, ETC. | |
| Summary, etc. | Sets out the Scottish Government's strategy for wild deer. Discusses all species of wild deer in Scotland and is applicable to all types of land ownership and deer management. Presents the necessary objectives and actions for ensuring that the management of wild deer benefits the Scottish environment and economy. |
| 521 ## - TARGET AUDIENCE NOTE | |
| Target audience note | Advanced |
| 590 ## - LOCAL NOTE (RLIN) | |
| Local note | KA |
| 651 #4 - SUBJECT ADDED ENTRY--GEOGRAPHIC NAME | |
| Geographic name | Scotland |
| Chronological subdivision | 1999- |
| 690 ## - LOCAL SUBJECT ADDED ENTRY--TOPICAL TERM (OCLC, RLIN) | |
| Topical term or geographic name as entry element | ENVIRONMENTAL AND LAND CONSULTANCY-ENVIRONMENTAL MANAGEMENT-ENVIRONMENTAL CONSERVATION-WILDLIFE CONSERVATION |
| 710 1# - ADDED ENTRY--CORPORATE NAME | |
| Corporate name or jurisdiction name as entry element | Forestry Commission Scotland |
| 9 (RLIN) | 5586 |
| 710 1# - ADDED ENTRY--CORPORATE NAME | |
| Corporate name or jurisdiction name as entry element | Scottish Natural Heritage |
| 9 (RLIN) | 2794 |
| 856 40 - ELECTRONIC LOCATION AND ACCESS | |
| Uniform Resource Identifier | <a href="https://www.dcs.gov.uk/info_strategy.aspx">https://www.dcs.gov.uk/info_strategy.aspx</a> |
| Public note | View the report free of charge at www.dcs.gov.uk... |
| 942 ## - ADDED ENTRY ELEMENTS (KOHA) | |
| Suppress in OPAC | 0 |
| Withdrawn status | Lost status | Source of classification or shelving scheme | Damaged status | Not for loan | Home library | Current library | Shelving location | Date acquired | Total Checkouts | Full call number | Barcode | Date last seen | Copy number | Price effective from | Koha item type |
|---|---|---|---|---|---|---|---|---|---|---|---|---|---|---|---|
| Dewey Decimal Classification | Virtual | Virtual | Online | 20/11/2008 | ONLINE PUBLICATION | 145890-2001 | 06/08/2019 | 1 | 06/08/2019 | Book |